| 000 | 00575nam a22001817a 4500 | ||
|---|---|---|---|
| 005 | 20231026084704.0 | ||
| 008 | 231026b |||||||| |||| 00| 0 eng d | ||
| 020 | _a0702118966 | ||
| 041 | _aEnglish | ||
| 082 | _a346.7 WIL | ||
| 100 |
_aScott, TJ and Scott, S _lEnglish |
||
| 245 |
_aWille's Law of Mortgage and Pledge in South Africa / _cTJ Scott and S Scott |
||
| 250 | _aThird Edition | ||
| 260 |
_aCape Town : _bJuta and Company Ltd, _c1987 |
||
| 300 |
_blvi, 283 pages ; _c26,3 cm. |
||
| 650 |
_aLegal practice _bLaw |
||
| 942 |
_cBK _6ALISON_BN_VRIES |
||
| 999 |
_c74 _d74 |
||